000 00318nam a2200109Ia 4500
008 220204s9999 xx 000 0 und d
082 _a382.6(058.7)
_bDIR
245 0 _aDirectory of exporters of Indian produce and manufacturers. Pt 11
250 _aEd.11
260 _aDelhi
_bManager of Publications
_c1952
942 _cBK
999 _c19839
_d19839